Life in Shakespeare's England (Record no. 190978)

MARC details
000 -LEADER
fixed length control field 00677nam a2200241Ia 4500
003 - CONTROL NUMBER IDENTIFIER
control field OSt
005 - DATE AND TIME OF LATEST TRANSACTION
control field 20220918191650.0
008 - FIXED-LENGTH DATA ELEMENTS--GENERAL INFORMATION
fixed length control field 220917b |||||||| |||| 00| 0 eng d
037 ## - SOURCE OF ACQUISITION
Terms of availability Textual
040 ## - CATALOGING SOURCE
Original cataloging agency ARTS
Transcribing agency ARTS
Language of cataloging eng
041 ## - LANGUAGE CODE
Source of code eng
Language code of text/sound track or separate title eng
100 ## - MAIN ENTRY--PERSONAL NAME
Personal name Wilson John Dover
9 (RLIN) 54793
245 #0 - TITLE STATEMENT
Title Life in Shakespeare's England
Remainder of title A book of Elizabethan prose
260 ## - PUBLICATION, DISTRIBUTION, ETC.
Date of publication, distribution, etc. 1959
490 ## - SERIES STATEMENT
Series statement Pelican Books; A143
650 ## - SUBJECT ADDED ENTRY--TOPICAL TERM
Topical term or geographic name entry element ENGLISH LITERATURE; HISTORY
9 (RLIN) 76900
942 ## - ADDED ENTRY ELEMENTS (KOHA)
Classification part O:2J64:90V3:5, J9
Koha item type Textual
Source of classification or shelving scheme Colon Classification (CC)
Holdings
Withdrawn status Lost status Damaged status Not for loan Home library Current library Date acquired Total Checkouts Full call number Barcode Date last seen Price effective from Koha item type
        Arts Library Arts Library 2022-09-18   O:2J64:90V3:5 J9 AL0124496 2022-09-18 2022-09-18 Textual
Copyright @ Delhi University Library System